Most Guessed 7 Greek Logos - Statistics

General Stats
  • This quiz has been taken 7 times
  • The average score is 2 of 7
Answer Stats
Picture Answer % Correct
Bic
100%
In.gr
43%
Σαββάλας
29%
Εθνική Τράπεζα
29%
Θέατρο Τέχνης
14%
Λούξ
14%
Βιοκαρπέτ
14%
No matching quizzes found
Score Distribution
Percent of People with Each Score
Percentile by Number Answered
Your Score History
You have not taken this quiz